|
|
|
|
| LEADER |
01085nam a2200289 a 4500 |
| 001 |
13477984 |
| 008 |
100706r20092004njua 001 0 eng d |
| 010 |
|
|
|a 2004002227
|
| 020 |
|
|
|a 9788126510061
|
| 020 |
|
|
|a 0471469122
|
| 040 |
|
|
|a DLC
|c DLC
|d DLC
|d DB-DhAAL
|
| 082 |
0 |
0 |
|a 005.1/4
|2 22
|
| 100 |
1 |
|
|a Myers, Glenford J.,
|d 1946-
|
| 245 |
1 |
4 |
|a The art of software testing /
|c Glenford J. Myers ; revised and updated by Tom Badgett and Todd Thomas, with Corey Sandler.
|
| 250 |
|
|
|a 2nd ed.
|
| 260 |
|
|
|a Hoboken, N.J. ;
|a New Delhi :
|b Wiley India,
|c c2004.[reprinted 2009]
|
| 300 |
|
|
|a xv, 234 p. :
|b ill. ;
|c 24 cm.
|
| 504 |
|
|
|a Includes index.
|
| 541 |
1 |
|
|e 00020635
|
| 650 |
|
0 |
|a Computer software
|x Testing.
|
| 650 |
|
0 |
|a Debugging in computer science.
|
| 700 |
1 |
|
|a Badgett, Tom.
|
| 700 |
1 |
|
|a Thomas, Todd M.
|
| 700 |
1 |
|
|a Sandler, Corey,
|d 1950-
|
| 852 |
4 |
|
|a Ayesha Abed Library
|j General Shelf.
|
| 999 |
|
|
|c 9188
|d 9188
|
| 952 |
|
|
|0 0
|1 0
|2 ddc
|4 0
|6 005_140000000000000_MYE_2009
|7 0
|9 11580
|a BRACUL
|b BRACUL
|c GEN
|d 2010-07-07
|g 698.60
|l 0
|o 005.14 MYE
|p 3010020635
|r 2010-07-07
|t 1
|w 2010-07-07
|y BK
|